| 000 | 00511cam a22002171 4500 | ||
|---|---|---|---|
| 001 | sa 66007908 | ||
| 003 | DLC | ||
| 005 | 20260227112308.0 | ||
| 008 | 890508s1965 ii 000 0 malo | ||
| 010 | _asa 66007908 | ||
| 035 | _a(OCoLC)19676902 | ||
| 040 |
_aDLC _cWaU _dDLC |
||
| 042 | _apremarc | ||
| 050 | 0 | 0 |
_aPL4718 _b.A65 |
| 100 | 1 |
_aAchuthan, M., _d1931- |
|
| 245 | 1 | 0 | _aVivēcanaṃ. |
| 260 | _c[1965] | ||
| 300 |
_a186 p. _c18 cm. |
||
| 500 | _aIn Malayalam. | ||
| 650 | 0 | _aMalayalam literature. | |
| 999 |
_c71492 _d71492 |
||